| 000 | 00695nam a2200193Ii 4500 | ||
|---|---|---|---|
| 003 | JO-AjNU | ||
| 008 | 230605s9999||||xx |||||||||||||| ||und|| | ||
| 040 |
_aJO-AjNU _bara _erda _cJO-AjNU |
||
| 041 | _aara | ||
| 050 | 1 | 4 | _aPJ7571.W2748 2002 |
| 100 | 3 |
_aالورقي،السعيد, _eauthor _933860 |
|
| 245 | 0 | 0 | _aإتجاهات القصة القصيرة في الأدب العربي المعاصر في مصر |
| 264 | 3 | 1 | _aالقاهرة:دار المعرفة،2003 |
| 300 | _a480ص | ||
| 336 |
_atext _btxt _2rdacontent |
||
| 337 |
_aunmediated _bn _2rdamedia |
||
| 338 |
_avolume _bnc _2rdacarrier |
||
| 650 | 4 |
_aالقصة العربية القصيرة-مصر-تاريخ ونقد _933861 |
|
| 999 |
_aA13824 _c17392 _d17392 |
||